[Event "Bunratty Masters 2019"]
[Site "Bunratty IRL"]
[Date "2019.02.23"]
[Round "3.4"]
[White "Howell, David"]
[Black "Vicas, Marijus"]
[Result "1-0"]
[WhiteTitle "GM"]
[WhiteElo "2689"]
[BlackElo "2212"]
[BlackICU "2324"]
[WhiteClub "Cheddleton ENG"]
[BlackClub "Gonzaga"]
[WhiteNationality "ENG"]
[BlackNationality "LTU"]
[WhiteFideId "410608"]
[BlackFideId "12804541"]
[PlyCount "65"]
[EventDate "2019.02.22"]
[Source "Live boards / tournament organizers"]
[BlackFullName "Vi&#269;as, Marijus"]
[ICUid "48714"]

{ Annotator: "TA", <a
href="https://en.chessbase.com/post/bunratty-chess-festival-2019">ChessBase.com</a>,
February 26, 2019. } { Event information: <a
href="https://www.irlchess.com/bunratty2019_allfiles/pairings_bunratty2019.html">Tournament
report</a>. }

1. c4 e5 2. Nc3 d6 3. d4 exd4 4. Qxd4 Nc6 5. Qd2 g6 6. b3 Bg7 7. Bb2 Nf6 8.
e3 O-O 9. Nge2 a5 10. Nf4 Ne5 11. Be2 Bf5 12. O-O Ne4 13. Nxe4 Bxe4 14. f3
Bc6 15. Rac1 b6 16. a3 Re8 17. Nd5 Ra7 18. e4 Bxd5 19. cxd5 Nd7 20. Bxg7
Kxg7 21. Bb5 Rf8 22. Rc3 f5 23. exf5 Rxf5 24. Re1 Rf7 25. f4 Nc5 26. Rce3
Qf6 27. b4 axb4 28. axb4 Nd7 29. Bxd7 Rxd7 30. Re6 Qf5 31. Qd4+ Kh6 32.
R6e3 g5 33. Rh3+ 1-0

[Event "Bunratty Masters 2019"]
[Site "Bunratty IRL"]
[Date "2019.02.23"]
[Round "3.7"]
[White "Collins, Sam"]
[Black "Steil-Antoni, Fiona"]
[Result "1-0"]
[WhiteTitle "IM"]
[BlackTitle "WIM"]
[WhiteElo "2429"]
[BlackElo "2166"]
[WhiteICU "2399"]
[BlackICU "2139"]
[WhiteClub "Gonzaga"]
[BlackClub "Gonzaga"]
[WhiteNationality "IRL"]
[BlackNationality "LUX"]
[WhiteFideId "2501198"]
[BlackFideId "4001249"]
[PlyCount "67"]
[EventDate "2019.02.22"]
[Source "Live boards / tournament organizers"]

{ Event information: <a
href="https://www.irlchess.com/bunratty2019_allfiles/pairings_bunratty2019.html">Tournament
report</a>. }

1. Nf3 d6 2. d4 Bg4 3. e4 Nd7 4. h3 Bxf3 5. Qxf3 c6 6. c3 e6 7. Bd3 d5 8.
O-O dxe4 9. Bxe4 Ndf6 10. Bc2 Bd6 11. Nd2 Bc7 12. Re1 Qd6 13. g3 h5 14. Nc4
Qd5 15. Qxd5 Nxd5 16. h4 Nge7 17. Bd2 O-O-O 18. Ne5 Rdf8 19. c4 Nb6 20. Bb4
Kd8 21. Rad1 Rhg8 22. f4 Nd7 23. Nxd7 Kxd7 24. d5 cxd5 25. Ba4+ Kd8 26.
cxd5 Nxd5 27. Bxf8 Rxf8 28. Bb3 Kc8 29. Bxd5 exd5 30. Rxd5 Bb6+ 31. Kg2 g6
32. a4 a6 33. Rde5 Kd7 34. Re7+ 1-0

[Event "Bunratty Masters 2019"]
[Site "Bunratty IRL"]
[Date "2019.02.23"]
[Round "3.8"]
[White "Pein, Jonathan"]
[Black "Hunt, Adam"]
[Result "0-1"]
[BlackTitle "IM"]
[WhiteElo "2126"]
[BlackElo "2397"]
[WhiteClub "Hendon ENG"]
[BlackClub "Blackthorne Russia ENG"]
[WhiteNationality "ENG"]
[BlackNationality "ENG"]
[WhiteFideId "417092"]
[BlackFideId "403970"]
[PlyCount "46"]
[EventDate "2019.02.22"]
[Source "Live boards / tournament organizers"]

{ Event information: <a
href="https://www.irlchess.com/bunratty2019_allfiles/pairings_bunratty2019.html">Tournament
report</a>. }

1. d4 Nf6 2. c4 g6 3. Nc3 d5 4. cxd5 Nxd5 5. e4 Nxc3 6. bxc3 Bg7 7. Be3 O-O
8. Be2 c5 9. Nf3 Nc6 10. O-O Qc7 11. Qc2 b6 12. Rab1 Na5 13. dxc5 bxc5 14.
Rb5 Nb7 15. Rfb1 a6 16. Rb6 Nd6 17. Bf4 Ra7 18. Ne5 Bb7 19. Bf3 Nb5 20.
Rxg6 fxg6 21. Nxg6 Rxf4 22. Nxf4 Qxf4 23. a4 Nxc3 0-1

[Event "Bunratty Masters 2019"]
[Site "Bunratty IRL"]
[Date "2019.02.23"]
[Round "3.9"]
[White "Heidenfeld, Mark"]
[Black "Moynihan, Kieran"]
[Result "1-0"]
[WhiteTitle "IM"]
[WhiteElo "2358"]
[BlackElo "2115"]
[WhiteICU "2293"]
[BlackICU "2112"]
[WhiteClub "Kilkenny"]
[BlackClub "C.C.Y.M.S."]
[WhiteNationality "IRL"]
[BlackNationality "IRL"]
[WhiteFideId "2500990"]
[BlackFideId "2500663"]
[PlyCount "114"]
[EventDate "2019.02.22"]
[Source "Live boards / tournament organizers"]

{ Event information: <a
href="https://www.irlchess.com/bunratty2019_allfiles/pairings_bunratty2019.html">Tournament
report</a>. }

1. e4 e5 2. Nf3 Nc6 3. Bb5 f5 4. d3 fxe4 5. dxe4 Nf6 6. Qd3 Bb4+ 7. c3 Bc5
8. Bg5 d6 9. b4 Bb6 10. Qc4 Bd7 11. Ba4 Qe7 12. Nbd2 a6 13. Bb3 Nd8 14. Qe2
Ne6 15. Nc4 Ba7 16. Be3 b5 17. Ncd2 Bxe3 18. fxe3 O-O 19. O-O Kh8 20. a4 c5
21. Ra2 c4 22. Bc2 Bc6 23. Rfa1 Qb7 24. Qd1 Nxe4 25. Bxe4 Bxe4 26. axb5
axb5 27. Rxa8 Rxa8 28. Rxa8+ Qxa8 29. Nxe4 Qxe4 30. Qxd6 Qxe3+ 31. Kh1 Qc1+
32. Ng1 h6 33. Qxe6 Qxc3 34. Qe8+ Kh7 35. Qxb5 Qb3 36. Qxe5 c3 37. h3 Qxb4
38. Qf5+ Kg8 39. Ne2 Qb2 40. Qc8+ Kh7 41. Nxc3 Qc1+ 42. Kh2 Qf4+ 43. Kg1
Qe3+ 44. Kf1 Qf4+ 45. Ke2 Qe5+ 46. Kf3 Qf6+ 47. Ke4 Qe7+ 48. Kd3 Qd6+ 49.
Kc4 Qf4+ 50. Kb3 Qf7+ 51. Ka3 Qe7+ 52. Kb2 Qe3 53. Qf5+ Kh8 54. Qe4 Qb6+
55. Kc1 Qg1+ 56. Kd2 Qf2+ 57. Ne2 Qc5 1-0

[Event "Bunratty Masters 2019"]
[Site "Bunratty IRL"]
[Date "2019.02.23"]
[Round "3.10"]
[White "Williams, Simon"]
[Black "Voiteanu, Gabriel"]
[Result "1-0"]
[WhiteTitle "GM"]
[BlackTitle "FM"]
[WhiteElo "2471"]
[BlackElo "2121"]
[WhiteClub "Cheddleton ENG"]
[WhiteNationality "ENG"]
[BlackNationality "ROU"]
[WhiteFideId "468533"]
[BlackFideId "1208810"]
[PlyCount "67"]
[EventDate "2019.02.22"]
[Source "Live boards / tournament organizers"]

{ Event information: <a
href="https://www.irlchess.com/bunratty2019_allfiles/pairings_bunratty2019.html">Tournament
report</a>. }

1. d4 d5 2. c4 e6 3. Nc3 Nf6 4. Nf3 Be7 5. Bg5 O-O 6. e3 h6 7. Bf4 b6 8. g4
g5 9. Bg3 Ne4 10. Qc2 Nxg3 11. hxg3 Kg7 12. Ne5 Bb7 13. Bg2 Nd7 14. O-O-O
Nf6 15. f4 c5 16. Rdf1 Rh8 17. cxd5 cxd4 18. exd4 Nxd5 19. fxg5 Bxg5+ 20.
Kb1 Bf6 21. Rxf6 Qxf6 22. Rf1 Qe7 23. Rxf7+ Qxf7 24. Nxf7 Kxf7 25. Nxd5
Bxd5 26. Bxd5 exd5 27. Qf5+ Kg7 28. Qxd5 Raf8 29. a3 Rf1+ 30. Ka2 Rhf8 31.
g5 hxg5 32. Qxg5+ Kh7 33. d5 Re1 34. Qh4+ 1-0

[Event "Bunratty Masters 2019"]
[Site "Bunratty IRL"]
[Date "2019.02.23"]
[Round "3.11"]
[White "Lopez, Alex"]
[Black "O'Connor, Jonathan"]
[Result "1-0"]
[WhiteTitle "IM"]
[WhiteElo "2427"]
[BlackElo "2208"]
[WhiteICU "2464"]
[WhiteClub "Cork"]
[BlackClub "Dublin"]
[WhiteNationality "IRL"]
[BlackNationality "IRL"]
[WhiteFideId "2501430"]
[BlackFideId "2501112"]
[PlyCount "75"]
[EventDate "2019.02.22"]
[Source "Live boards / tournament organizers"]

{ Event information: <a
href="https://www.irlchess.com/bunratty2019_allfiles/pairings_bunratty2019.html">Tournament
report</a>. }

1. Nf3 Nf6 2. d4 e6 3. g3 d5 4. Bg2 Be7 5. c4 O-O 6. O-O dxc4 7. Qc2 a6 8.
a4 Bd7 9. Nbd2 Bc6 10. Nxc4 Be4 11. Qd1 Nbd7 12. Ncd2 Bd5 13. Re1 Ne4 14.
Nxe4 Bxe4 15. b3 c5 16. Be3 Bf6 17. Rc1 cxd4 18. Nxd4 Bxg2 19. Kxg2 Rc8 20.
Qd3 Be7 21. Rxc8 Qxc8 22. Rc1 Nc5 23. Qc2 Qd8 24. f3 Qd5 25. Bf2 b5 26.
axb5 axb5 27. b4 Na6 28. Nc6 Bf6 29. Rd1 Qh5 30. e4 Nb8 31. g4 Qh6 32. Bg3
Nxc6 33. Qxc6 Qe3 34. Qxb5 Be7 35. Rd7 Bd8 36. Bf2 Qb3 37. Bc5 Re8 38. Rd2
1-0

[Event "Bunratty Masters 2019"]
[Site "Bunratty IRL"]
[Date "2019.02.23"]
[Round "3.12"]
[White "Rawlinson, Aidan"]
[Black "Pein, Malcolm"]
[Result "0-1"]
[BlackTitle "IM"]
[WhiteElo "2145"]
[BlackElo "2313"]
[WhiteClub "Greater Manchester ENG"]
[BlackClub "Wood Green ENG"]
[WhiteNationality "ENG"]
[BlackNationality "ENG"]
[WhiteFideId "413496"]
[BlackFideId "400289"]
[PlyCount "20"]
[EventDate "2019.02.22"]
[Source "Live boards / tournament organizers"]

{ Event information: <a
href="https://www.irlchess.com/bunratty2019_allfiles/pairings_bunratty2019.html">Tournament
report</a>. }

1. d4 Nf6 2. c4 g6 3. g3 Bg7 4. Bg2 O-O 5. Nc3 d6 6. Nf3 c6 7. O-O Qb6 8.
b3 e5 9. dxe5 dxe5 10. Nxe5 Qa5 0-1

[Event "Bunratty Masters 2019"]
[Site "Bunratty IRL"]
[Date "2019.02.23"]
[Round "3.13"]
[White "Connell, Blair"]
[Black "Wolferink, Frans"]
[Result "1-0"]
[WhiteElo "2239"]
[BlackElo "2086"]
[WhiteClub "Battersea ENG"]
[WhiteNationality "ENG"]
[BlackNationality "NED"]
[WhiteFideId "403725"]
[BlackFideId "1003917"]
[PlyCount "71"]
[EventDate "2019.02.22"]
[Source "Live boards / tournament organizers"]

{ Event information: <a
href="https://www.irlchess.com/bunratty2019_allfiles/pairings_bunratty2019.html">Tournament
report</a>. }

1. d4 Nf6 2. Nc3 d5 3. Bf4 g6 4. e3 Bg7 5. h4 c5 6. Nb5 Na6 7. c3 Ne4 8. h5
Qb6 9. a4 g5 10. h6 gxf4 11. hxg7 Rg8 12. f3 Ng3 13. Rxh7 Bf5 14. Rh8 O-O-O
15. Rxg8 Rxg8 16. exf4 Qe6+ 17. Ne2 Kb8 18. dxc5 Nxc5 19. Qd4 b6 20. Kf2
Nxe2 21. Bxe2 Nb3 22. Qd1 Nxa1 23. Qxa1 Qh6 24. Qd1 Qxf4 25. Qxd5 Be6 26.
Qc6 Qe5 27. b4 Rxg7 28. Qe8+ Bc8 29. Nd4 Qg3+ 30. Ke3 e5 31. Nc6+ Kc7 32.
Qd8+ Kxc6 33. Bb5+ Kb7 34. Qe7+ Kb8 35. Qd6+ Kb7 36. Bc6+ 1-0

[Event "Bunratty Masters 2019"]
[Site "Bunratty IRL"]
[Date "2019.02.23"]
[Round "3.14"]
[White "Menzies, Colin"]
[Black "Li, Henry"]
[Result "0-1"]
[BlackTitle "FM"]
[WhiteElo "2170"]
[BlackElo "2287"]
[BlackICU "2232"]
[WhiteClub "Rangers ENG"]
[BlackClub "Gonzaga"]
[WhiteNationality "IRL"]
[BlackNationality "IRL"]
[WhiteFideId "2502755"]
[BlackFideId "2508524"]
[PlyCount "92"]
[EventDate "2019.02.22"]
[Source "Live boards / tournament organizers"]

{ Event information: <a
href="https://www.irlchess.com/bunratty2019_allfiles/pairings_bunratty2019.html">Tournament
report</a>. }

1. d4 Nf6 2. Bg5 d5 3. Bxf6 gxf6 4. e3 c5 5. dxc5 e6 6. c4 dxc4 7. Qxd8+
Kxd8 8. Bxc4 Bxc5 9. Ne2 Ke7 10. Nbc3 Bd7 11. O-O Nc6 12. Nf4 Ne5 13. Bb5
Rhd8 14. Rfd1 Rac8 15. Bxd7 Rxd7 16. Kf1 Rxd1+ 17. Rxd1 Nc4 18. b3 Nb6 19.
Nb5 a6 20. Nd4 Bd6 21. g3 Rc5 22. Nd3 Rc3 23. Ke2 Nd5 24. Kd2 Rc8 25. Rc1
Rd8 26. Ke2 f5 27. Rc4 Nb6 28. Rc2 Nd7 29. b4 Kf6 30. Nc5 Bxc5 31. bxc5 e5
32. Nb3 Rc8 33. Kd3 Ke6 34. f3 e4+ 35. fxe4 Ne5+ 36. Kd2 fxe4 37. c6 Nf3+
38. Kd1 Rxc6 39. Rxc6+ bxc6 40. Nc5+ Kd5 41. Nxa6 Nxh2 42. Ke2 Ng4 43. a4
Ne5 44. Nb8 Kc5 45. Kd2 Kb6 46. Kc3 c5 0-1

[Event "Bunratty Masters 2019"]
[Site "Bunratty IRL"]
[Date "2019.02.23"]
[Round "3.15"]
[White "Delaney, Killian"]
[Black "Carroll, Peter"]
[Result "0-1"]
[WhiteElo "2234"]
[BlackElo "1953"]
[WhiteICU "2221"]
[BlackICU "2010"]
[WhiteClub "Gonzaga"]
[BlackClub "Gonzaga"]
[WhiteNationality "IRL"]
[BlackNationality "IRL"]
[WhiteFideId "2501570"]
[BlackFideId "2510243"]
[PlyCount "56"]
[EventDate "2019.02.22"]
[Source "Live boards / tournament organizers"]

{ Event information: <a
href="https://www.irlchess.com/bunratty2019_allfiles/pairings_bunratty2019.html">Tournament
report</a>. }

1. d4 Nf6 2. Bg5 d5 3. Bxf6 gxf6 4. e3 c5 5. Nc3 Nc6 6. Qh5 e6 7. O-O-O Bd7
8. dxc5 f5 9. g4 fxg4 10. e4 d4 11. Nb5 a6 12. Nxd4 Qf6 13. Nge2 Rg8 14. h3
Rg6 15. Nb3 Ne5 16. Qxh7 Rh6 17. Qg8 Rh8 18. Qxh8 Qxh8 19. Bg2 gxh3 20.
Rxh3 Qf6 21. f4 Ng6 22. e5 Nxe5 23. fxe5 Qg5+ 24. Nf4 Qxf4+ 25. Kb1 Bc6 26.
Bxc6+ bxc6 27. Rhd3 Qxe5 28. Na5 Qc7 0-1

[Event "Bunratty Masters 2019"]
[Site "Bunratty IRL"]
[Date "2019.02.23"]
[Round "3.16"]
[White "Wallace, Paul"]
[Black "Flynn, Jacob"]
[Result "1-0"]
[WhiteElo "2151"]
[BlackElo "1991"]
[WhiteICU "2163"]
[BlackICU "1963"]
[WhiteClub "Kilkenny"]
[BlackClub "Malahide"]
[WhiteNationality "IRL"]
[BlackNationality "IRL"]
[WhiteFideId "2500892"]
[BlackFideId "2509393"]
[PlyCount "55"]
[EventDate "2019.02.22"]
[Source "Live boards / tournament organizers"]

{ Event information: <a
href="https://www.irlchess.com/bunratty2019_allfiles/pairings_bunratty2019.html">Tournament
report</a>. }

1. e4 c6 2. d4 d5 3. e5 Bf5 4. h4 h5 5. c4 e6 6. Nc3 Ne7 7. Bg5 Qb6 8. Qd2
Nd7 9. Nge2 dxc4 10. Ng3 Bg6 11. Bxc4 O-O-O 12. Qe3 Qb4 13. Bb3 Nb6 14. O-O
Qxd4 15. Qc1 Qxe5 16. a4 Qc7 17. a5 Nbd5 18. Bxd5 cxd5 19. Nb5 Qxc1 20.
Rfxc1+ Kd7 21. Rc7+ Ke8 22. Rxb7 f6 23. Bd2 Kf7 24. Nxa7 e5 25. a6 Bd3 26.
Nc6 Ra8 27. a7 Ke6 28. Nb4 1-0

[Event "Bunratty Masters 2019"]
[Site "Bunratty IRL"]
[Date "2019.02.23"]
[Round "3.17"]
[White "McMorrow, John"]
[Black "Machin, Guillaume"]
[Result "1-0"]
[BlackTitle "CM"]
[WhiteElo "2052"]
[BlackElo "2159"]
[WhiteICU "1997"]
[WhiteClub "Gonzaga"]
[BlackClub "Rueil Malmaison FRA"]
[WhiteNationality "IRL"]
[BlackNationality "FRA"]
[WhiteFideId "2501481"]
[BlackFideId "616648"]
[PlyCount "113"]
[EventDate "2019.02.22"]
[Source "Live boards / tournament organizers"]

{ Event information: <a
href="https://www.irlchess.com/bunratty2019_allfiles/pairings_bunratty2019.html">Tournament
report</a>. }

1. e4 e6 2. d4 d5 3. exd5 exd5 4. Bd3 Bd6 5. Nf3 Bg4 6. O-O Ne7 7. c3 Nbc6
8. Na3 Qd7 9. Nb5 O-O-O 10. Nxd6+ Qxd6 11. b4 Ng6 12. h3 Bd7 13. a4 Nf4 14.
Bxf4 Qxf4 15. a5 Nb8 16. b5 f6 17. Qd2 Qd6 18. Rfb1 h5 19. Nh4 Rde8 20. Nf5
Bxf5 21. Bxf5+ Nd7 22. b6 cxb6 23. axb6 a6 24. Qd3 Kd8 25. Bxd7 Qxd7 26.
Ra5 Re6 27. Qf3 Re4 28. Rc5 Rhe8 29. Qg3 h4 30. Qb8+ Ke7 31. Qc7 Rd8 32.
Rxd5 Qxc7 33. bxc7 Rc8 34. Rxb7 g5 35. Rc5 Re6 36. d5 Rd6 37. c4 Kd7 38.
Kf1 f5 39. Ke2 Rf6 40. Ra7 Rb6 41. Ke3 Rb2 42. Kd4 Rb6 43. Ke5 Rb2 44. Rxa6
Rxc7 45. Rxc7+ Kxc7 46. Kxf5 Rxf2+ 47. Kxg5 Rxg2+ 48. Kxh4 Rg1 49. Rc6+ Kd7
50. Kh5 Re1 51. Re6 Rc1 52. Re4 Rc3 53. h4 Kd6 54. Rf4 Ke5 55. Kg5 Rg3+ 56.
Rg4 Rf3 57. h5 1-0

[Event "Bunratty Masters 2019"]
[Site "Bunratty IRL"]
[Date "2019.02.23"]
[Round "3.18"]
[White "Nettleton, Charlie B."]
[Black "Baburin, Alexander"]
[Result "0-1"]
[BlackTitle "GM"]
[WhiteElo "2064"]
[BlackElo "2432"]
[BlackICU "2433"]
[WhiteClub "Uxbridge ENG"]
[BlackClub "Kilkenny"]
[WhiteNationality "ENG"]
[BlackNationality "IRL"]
[WhiteFideId "419710"]
[BlackFideId "2500914"]
[PlyCount "74"]
[EventDate "2019.02.22"]
[Source "Live boards / tournament organizers"]

{ Event information: <a
href="https://www.irlchess.com/bunratty2019_allfiles/pairings_bunratty2019.html">Tournament
report</a>. }

1. f4 d5 2. Nf3 Nf6 3. b3 g6 4. Bb2 Bg7 5. g3 O-O 6. Bg2 b6 7. O-O Bb7 8.
e3 c5 9. Qe2 Nc6 10. Ne5 Rc8 11. d3 d4 12. Nxc6 Bxc6 13. Bxc6 Rxc6 14. e4
e5 15. f5 b5 16. Nd2 Ne8 17. a4 a6 18. axb5 axb5 19. Ba3 Nd6 20. fxg6 hxg6
21. Qg4 Qc8 22. Qh4 f6 23. g4 Nf7 24. Nf3 Bh6 25. Bc1 Bxc1 26. Raxc1 g5 27.
Qg3 c4 28. bxc4 bxc4 29. Ra1 cxd3 30. cxd3 Rc3 31. Nd2 Nh8 32. Nc4 Qe6 33.
Rab1 Ng6 34. Rb6 Qe7 35. Qh3 Nf4 36. Rxf4 exf4 37. Nd6 Qc7 0-1

[Event "Bunratty Masters 2019"]
[Site "Bunratty IRL"]
[Date "2019.02.23"]
[Round "3.19"]
[White "Miller, Ioana"]
[Black "McDonnell, James J."]
[Result "1-0"]
[WhiteTitle "WFM"]
[WhiteElo "2185"]
[BlackElo "1825"]
[BlackICU "2005"]
[WhiteClub "T.C.D."]
[BlackClub "Steatham ENG"]
[WhiteNationality "IRL"]
[BlackNationality "IRL"]
[WhiteFideId "1202260"]
[BlackFideId "2500787"]
[PlyCount "55"]
[EventDate "2019.02.22"]
[Source "Live boards / tournament organizers"]

{ Event information: <a
href="https://www.irlchess.com/bunratty2019_allfiles/pairings_bunratty2019.html">Tournament
report</a>. }

1. e4 c5 2. Nf3 Nc6 3. d4 cxd4 4. Nxd4 Nf6 5. Nc3 d6 6. Bg5 e6 7. Qd2 Be7
8. O-O-O O-O 9. f4 Nxd4 10. Qxd4 Qa5 11. Kb1 Rd8 12. Bc4 a6 13. Bb3 Bd7 14.
e5 dxe5 15. fxe5 Bc6 16. Qf4 Nd5 17. Bxd5 Bxg5 18. Qxg5 Bxd5 19. Rd3 Bc6
20. Rg3 g6 21. h4 Rd7 22. h5 Qd8 23. Qh6 Qe8 24. Nd1 Be4 25. Ne3 Rc7 26.
Ng4 Bxc2+ 27. Ka1 Kh8 28. Nf6 1-0

[Event "Bunratty Masters 2019"]
[Site "Bunratty IRL"]
[Date "2019.02.23"]
[Round "3.20"]
[White "Melaugh, Gavin"]
[Black "Walton, Alan J."]
[Result "1/2-1/2"]
[BlackTitle "CM"]
[WhiteElo "2078"]
[BlackElo "2140"]
[WhiteICU "2038"]
[WhiteClub "Elm Mount"]
[BlackClub "3Cs ENG"]
[WhiteNationality "IRL"]
[BlackNationality "ENG"]
[WhiteFideId "2509571"]
[BlackFideId "409898"]
[PlyCount "100"]
[EventDate "2019.02.22"]
[Source "Live boards / tournament organizers"]

{ Event information: <a
href="https://www.irlchess.com/bunratty2019_allfiles/pairings_bunratty2019.html">Tournament
report</a>. }

1. d4 e6 2. c4 d5 3. Nc3 Nf6 4. Bf4 Be7 5. e3 O-O 6. cxd5 exd5 7. Nf3 c6 8.
Bd3 Re8 9. Ne5 Nbd7 10. g4 Nxe5 11. dxe5 Nd7 12. Qf3 Bb4 13. Qh3 g6 14. Qg3
Qe7 15. h4 Nxe5 16. Be2 d4 17. Bxe5 dxc3 18. Bxc3 Bxc3+ 19. bxc3 Qc5 20.
Rc1 Be6 21. h5 g5 22. O-O Bc4 23. Bxc4 Qxc4 24. Rfd1 Re4 25. Rd4 Rxd4 26.
exd4 Re8 27. Qf3 Re6 28. Qf5 h6 29. Rc2 Re1+ 30. Kh2 Qf1 31. Qf3 Qg1+ 32.
Kh3 Qf1+ 33. Kh2 Kg7 34. Rb2 Re6 35. Qh3 Qa1 36. Rd2 Re1 37. Qf3 Re6 38.
Re2 Qd1 39. Re3 Qxf3 40. Rxf3 Re2 41. a3 Ra2 42. c4 Rc2 43. c5 Rd2 44. Rb3
Rxf2+ 45. Kg3 Rd2 46. Rxb7 Rd3+ 47. Kf2 Rxa3 48. Rd7 a5 49. Rd6 a4 50. Rxc6
Rd3 1/2-1/2

[Event "Bunratty Masters 2019"]
[Site "Bunratty IRL"]
[Date "2019.02.23"]
[Round "3.21"]
[White "Doyle, Hugh"]
[Black "Melaugh, Shane"]
[Result "1-0"]
[WhiteElo "2040"]
[BlackElo "2118"]
[WhiteICU "2022"]
[BlackICU "2122"]
[WhiteClub "Cork"]
[BlackClub "Elm Mount"]
[WhiteNationality "IRL"]
[BlackNationality "IRL"]
[WhiteFideId "2500876"]
[BlackFideId "2509580"]
[PlyCount "75"]
[EventDate "2019.02.22"]
[Source "Live boards / tournament organizers"]

{ Event information: <a
href="https://www.irlchess.com/bunratty2019_allfiles/pairings_bunratty2019.html">Tournament
report</a>. }

1. Nf3 Nf6 2. g3 g6 3. Bg2 Bg7 4. O-O O-O 5. c4 d6 6. Nc3 Nc6 7. Rb1 a5 8.
a3 e5 9. b4 Nh5 10. b5 Ne7 11. d3 f5 12. Bg5 c6 13. Qd2 Be6 14. bxc6 bxc6
15. Rb7 Rf7 16. Bh6 Bc8 17. Rb3 Qc7 18. Rfb1 Bh8 19. Qb2 f4 20. Rb8 Rxb8
21. Qxb8 Nf5 22. Ng5 Re7 23. Nd5 Qxb8 24. Nxe7+ Nxe7 25. Rxb8 Nf6 26. Bh3
Bg7 27. Bxg7 Kxg7 28. Bxc8 h6 29. Ne4 d5 30. Nxf6 Kxf6 31. Bd7 e4 32. gxf4
exd3 33. exd3 c5 34. Rb6+ Kg7 35. Ra6 dxc4 36. dxc4 Ng8 37. Rxa5 Nf6 38.
Rxc5 1-0

[Event "Bunratty Masters 2019"]
[Site "Bunratty IRL"]
[Date "2019.02.23"]
[Round "3.22"]
[White "Artola Pola, Gerardo"]
[Black "Horvath, Gabor"]
[Result "0-1"]
[BlackTitle "FM"]
[WhiteElo "1975"]
[BlackElo "2252"]
[WhiteICU "1982"]
[BlackICU "2074"]
[WhiteClub "Dublin"]
[BlackClub "Galway"]
[WhiteNationality "ARG"]
[BlackNationality "HUN"]
[WhiteFideId "150878"]
[BlackFideId "720003"]
[PlyCount "64"]
[EventDate "2019.02.22"]
[Source "Live boards / tournament organizers"]
[BlackFullName "Horv&aacute;th, G&aacute;bor"]

{ Event information: <a
href="https://www.irlchess.com/bunratty2019_allfiles/pairings_bunratty2019.html">Tournament
report</a>. }

1. e4 e6 2. d4 d5 3. Nc3 Bb4 4. e5 c5 5. a3 Bxc3+ 6. bxc3 Ne7 7. Qg4 cxd4
8. Qxg7 Rg8 9. Qxh7 Qc7 10. Ne2 Nbc6 11. f4 dxc3 12. h4 d4 13. h5 Bd7 14.
Rb1 O-O-O 15. Qd3 Kb8 16. Rg1 Nd5 17. g4 f6 18. exf6 Nxf6 19. g5 Nxh5 20.
Nxd4 Nxf4 21. Nxc6+ Bxc6 22. Qxc3 e5 23. Bxf4 exf4 24. Kf2 f3 25. Rg3 Qf4
26. Qxc6 Rd2+ 27. Be2 fxe2+ 28. Qf3 Qd4+ 29. Qe3 Rf8+ 30. Rf3 Rxf3+ 31.
Kxf3 Qxe3+ 32. Kxe3 Rd1 0-1

[Event "Bunratty Masters 2019"]
[Site "Bunratty IRL"]
[Date "2019.02.23"]
[Round "3.23"]
[White "O'Flaherty, Kevin"]
[Black "Moran, Stephen"]
[Result "1-0"]
[WhiteElo "1872"]
[BlackElo "2155"]
[WhiteICU "1815"]
[BlackICU "2145"]
[WhiteClub "Univ. of Limerick"]
[BlackClub "T.C.D."]
[WhiteNationality "IRL"]
[BlackNationality "IRL"]
[WhiteFideId "2502283"]
[BlackFideId "2501872"]
[PlyCount "66"]
[EventDate "2019.02.22"]
[Source "Live boards / tournament organizers"]

{ Event information: <a
href="https://www.irlchess.com/bunratty2019_allfiles/pairings_bunratty2019.html">Tournament
report</a>. }

1. d4 Nf6 2. Bf4 g6 3. e3 Bg7 4. Nd2 d6 5. Ngf3 O-O 6. Bd3 c5 7. c3 cxd4 8.
exd4 e5 9. Bg5 exd4 10. Nxd4 Re8+ 11. Kf1 Nc6 12. Nxc6 bxc6 13. Ne4 d5 14.
Nxf6+ Bxf6 15. Bxf6 Qxf6 16. Qd2 c5 17. h4 h5 18. Qg5 Qd6 19. Rd1 Re5 20.
Qd2 Bd7 21. f4 Re7 22. Kf2 Bg4 23. Rde1 Rd8 24. Rxe7 Qxe7 25. g3 d4 26. Re1
Qd6 27. c4 Bc8 28. Re5 Bb7 29. Qa5 Qb6 30. Qxb6 axb6 31. a3 Kf8 32. f5 gxf5
33. Rxf5 Rd6 1-0